Open Data Biblioteca Nacional de Portugal


República Portuguesa: Ministério da Cultura
Biblioteca Nacional de Portugal

Catálogo da BNP: acesso por Identificadores Unívocos
Registos Bibliográficos associados ao registo de autoridade

Etiqueta de registo: 00000nam 2200025 450
001 2285770
003 http://id.bnportugal.gov.pt/bib/catbnp/2285770
100 ## $a20260505d2025 k y0pory01030103ba
101 0# $apor$deng
102 ## $aPT
105 ## $aa m 000yy
106 ## $ar
200 1# $a A interação entre estatutos performativos de média sociais e tradicionais na formação do discurso$emetamorfoses, centralidade e exceção numa análise relacional de eventos no Twitter/X ao longo de sete anos$fFrancisco Conrado Araújo Silva Filho$gorient. Luís António Santos
210 #9 $a[S.l.$cs.n.],$d2025
215 ## $aXIV, 300 p.$cil.$d30 cm
328 #1 $aTese dout. Ciências da Comunicação, Instituto de Ciências Sociais, Universidade do Minho, 2025
675 ## $a316.77"2017/2024"(043)$vBN$zpor$32002099
675 ## $a004.77"2017/2024"(043)$vBN$zpor$32002100
700 #1 $aFilho,$bFrancisco Conrado Araújo Silva$31997691
702 #1 $aSantos,$bLuis António Martins dos$4727$31555144
801 #0 $aPT$bBN$gRPC
966 ## $lBN$mFGMON$sS.C. 169424 V.$x1
971 ## $corlando$d20260505
973 ## $caalmeid$d20260630

OpendataBNP@bnportugal.pt | Mais informação sobre acesso aos dados BNP